Cinco libros en mi vida / (Record no. 184245)

MARC details
000 -LEADER
campo de control de longitud fija 00858nam a2200241 i 4500
001 - NÚMERO DE CONTROL
campo de control 184245
003 - IDENTIFICADOR DE NÚMERO DE CONTROL
campo de control ES-MaACL
005 - FECHA Y HORA DE LA ÚLTIMA TRANSACCIÓN
campo de control 20250822052421.0
008 - DATOS DE LONGITUD FIJA--INFORMACIÓN GENERAL
campo de control de longitud fija 150529s2009 sp aco |||| |dspa d
020 ## - NÚMERO INTERNACIONAL ESTÁNDAR DEL LIBRO
Número Internacional Estándar del Libro 978-84-613-6243-1
080 ## - NÚMERO DE LA CLASIFICACIÓN DECIMAL UNIVERSAL
Número de la Clasificación Decimal Universal 028.01
245 00 - MENCIÓN DEL TÍTULO
Título Cinco libros en mi vida /
Mención de responsabilidad, etc. [Victorino Polo García ... et al.].
260 ## - PUBLICACIÓN, DISTRIBUCIÓN, ETC.
Lugar de publicación, distribución, etc. Murcia :
Nombre del editor, distribuidor, etc. Universidad de Murcia, Cátedra de Literatura Hispanoamericana,
Fecha de publicación, distribución, etc. [2009]
300 ## - DESCRIPCIÓN FÍSICA
Extensión 493 p. :
Otras características físicas il. col., fot. ;
Dimensiones 25 cm.
500 ## - NOTA GENERAL
Nota general Índices.
650 #7 - PUNTO DE ACCESO ADICIONAL DE MATERIA--TÉRMINO DE MATERIA
Término de materia o nombre geográfico como elemento de entrada Libros y lectura
Fuente del encabezamiento o término embne
9 (RLIN) 142519
700 1# - ENTRADA AGREGADA--NOMBRE PERSONAL
Nombre de persona Polo García, Victorino.
9 (RLIN) 92878
710 2# - ENTRADA AGREGADA--NOMBRE DE ENTIDAD CORPORATIVA
Nombre de entidad corporativa o nombre de jurisdicción como elemento de entrada Universidad de Murcia.
9 (RLIN) 7228
852 ## - LOCALIZACIÓN
Ubicación ES-MaACL
Número de control de estantería A-13486
itemnumber 191229
Sublocalización o colección R.150792
Ubicación en estantería Depósito 1
Signatura antigua Olim: N-6486
Donativo/Legado Donación: Real Academia Española
914 ## - NOMBRE ENTIDAD DE DONANTE
RLIN 6336
Nombre de congreso/reunión o jurisdicción como elemento de entrada Real Academia Española
Unidad subordinada Donante
942 ## - ELEMENTOS DE ENTRADA SECUNDARIOS (KOHA)
Fuente del sistema de clasificación o colocación Clasificación decimal universal
Tipo de ítem Koha Libro impreso
Holdings
Estatus retirado Estado de pérdida Fuente del sistema de clasificación o colocación Estado de daño No para préstamo Biblioteca de origen Biblioteca actual Ubicación en estantería Fecha de adquisición Fuente de adquisición Total de préstamos Signatura topográfica completa Código de barras Visto por última vez Precio de reemplazo Tipo de ítem Koha
    Clasificación decimal universal     Biblioteca del Ateneo de Madrid Biblioteca del Ateneo de Madrid Depósito 1 29/05/2015 Donación   A-13486 1193808 23/02/2023 23/02/2023 Libro impreso